000 00695nam a2200229Ia 4500
001 9151
003 GE_BSU
008 181216s||||||||xx |||||||||||||| ||und||
040 _cGE_BSU
080 _a821.353.1-32
100 _aლომიძე,ანდრო
245 _aშუქურა
245 _bმოთხრობები
245 _cრედ:ნ.კანდელაკი;მხატვ:ო.ჯიშკარიანი
260 _aთბილისი.
260 _bსაბჭ.საქართველო
260 _c1971
300 _a510გვ;17სმ.
653 _aმოთხრობები
653 _aშუქურა
942 _cBK
999 _c42455
_d42455